| 000 | 00932nam a22002897a 4500 | ||
|---|---|---|---|
| 001 | BR7100173 | ||
| 003 | BR-BrBNA | ||
| 005 | 20230928083641.0 | ||
| 007 | ta | ||
| 008 | 230509b bl.||||| |||| 00| 0 por d | ||
| 040 |
_aBR-BrBNA _bpor _cBiblioteca Nacional de Agricultura |
||
| 041 | _a(Por) | ||
| 072 |
_aL30 _b1930 |
||
| 090 | _ 1930 BR7100173 | ||
| 100 | 1 | _aMuniz, N.R. | |
| 110 | 1 |
_aUniversidade Federal de Vicosa, MG (Brasil) _0Tese (Magister Scientiae) |
|
| 245 | 1 | _aEstudo de manejo de uma capineira de capim-elefante (Pennisetum purpureum, Schum)var. Mineiro | |
| 260 | 3 |
_aVicosa, MG (Brasil): _c1971. |
|
| 300 | _a44 p. | ||
| 500 | _a7 tables; 47 ref.; Summary (Por). (*) Documento disponível na(o) Universidade Federal de Vicosa, MG (Brazil) | ||
| 650 | _aNutricao animal | ||
| 650 | _aCapim elefante | ||
| 650 | _aCapineira | ||
| 650 | _aSilagem | ||
| 909 |
_a202309 _bLucia _c55 _dLucia Elande |
||
| 942 | _cBK | ||
| 999 |
_c14631 _d14631 |
||